[Event "Chicago Open 2007"]
[Site "Oak Brook, IL"]
[Date "2007.05.25"]
[Round "1"]
[White "Davis, Loal"]
[Black "Gagunashvili, Merab"]
[Result "0-1"]
[WhiteElo "2221"]
[BlackElo "2643"]
[PlyCount "83"]
[EventDate "2007.05.??"]
[SourceDate "2007.05.26"]

1. e4 d6 2. d4 Nf6 3. Nc3 g6 4. f4 Bg7 5. Nf3 c5 6. dxc5 Qa5 7. Bd3 Qxc5 8. Qe2
O-O 9. Be3 Qa5 10. O-O Bg4 11. h3 Bxf3 12. Qxf3 Nc6 13. a3 Nd7 14. Bd2 Rac8 15.
Kh1 e6 16. Rad1 Qb6 17. Rb1 a6 18. Ne2 Nd4 19. Nxd4 Bxd4 20. c3 Bg7 21. Be3 Qc6
22. Rbd1 Nf6 23. Bd4 Nd7 24. Bxg7 Kxg7 25. Rd2 Nc5 26. Bc2 f5 27. exf5 gxf5 28.
Re1 Kf6 29. Qxc6 Rxc6 30. Kg1 d5 31. Kf2 b5 32. Rd4 h5 33. Re3 h4 34. g3 Ne4+
35. Bxe4 fxe4 36. Kg2 Kf7 37. a4 hxg3 38. axb5 axb5 39. Rb4 Rb6 40. Kxg3 Rbb8
41. c4 Rg8+ 42. Kh2 0-1

[Event "Chicago Open 2007"]
[Site "Oak Brook, IL"]
[Date "2007.05.25"]
[Round "1"]
[White "Paulina, David"]
[Black "Erenburg, Sergey"]
[Result "1-0"]
[WhiteElo "2137"]
[BlackElo "2610"]
[PlyCount "93"]
[EventDate "2007.05.??"]
[SourceDate "2007.05.26"]

1. e4 c5 2. Nc3 e6 3. g3 Nc6 4. Bg2 g6 5. Nge2 Bg7 6. O-O Nge7 7. d3 O-O 8. Be3
Nd4 9. Qd2 Nec6 10. Nd1 Nxe2+ 11. Qxe2 b6 12. Qd2 d5 13. Bh6 dxe4 14. Bxe4 Bb7
15. Bxg7 Kxg7 16. Ne3 Qd7 17. f4 Nd4 18. Qg2 Rab8 19. c3 Nc6 20. Rad1 Rfd8 21.
g4 f6 22. h4 Ne7 23. f5 Nd5 24. Bxd5 exd5 25. d4 Re8 26. Qf3 Qe7 27. Rde1 Qd6
28. g5 fxg5 29. hxg5 cxd4 30. cxd4 Re4 31. f6+ Kh8 32. Ng4 Ba6 33. Ne5 Rf8 34.
Qg3 Qb4 35. Rxe4 dxe4 36. Rd1 Be2 37. Qe1 Qb5 38. Rd2 Bf3 39. Qh4 Kg8 40. Qh6
Rf7 41. Nxf7 Kxf7 42. Qxh7+ Ke6 43. Qe7+ Kf5 44. Qe5+ Qxe5 45. dxe5 e3 46. Rc2
Bd5 47. Rc7 1-0

[Event "Chicago Open 2007"]
[Site "Oak Brook, IL"]
[Date "2007.05.25"]
[Round "1"]
[White "Schmidt, Roger"]
[Black "Kleiman, Jake"]
[Result "0-1"]
[WhiteElo "1287"]
[BlackElo "2344"]
[PlyCount "32"]
[EventDate "2007.05.??"]
[SourceDate "2007.05.26"]

1. e4 c5 2. Nc3 e6 3. f4 Nc6 4. Nf3 d5 5. d4 dxe4 6. Nxe4 cxd4 7. Bb5 Qa5+ 8.
Bd2 Qxb5 9. Qc1 Be7 10. a4 Qd5 11. Nf2 Nf6 12. O-O O-O 13. Rd1 b6 14. Bc3 Bb7
15. b3 Bc5 16. Qb2 dxc3 0-1

[Event "Chicago Open 2007"]
[Site "Oak Brook, IL"]
[Date "2007.05.26"]
[Round "2"]
[White "Good, Jeremy"]
[Black "Yang, Darwin"]
[Result "0-1"]
[WhiteElo "1477"]
[BlackElo "2077"]
[PlyCount "32"]
[EventDate "2007.05.??"]
[SourceDate "2007.05.26"]

1. f4 d5 2. e3 Nf6 3. Nf3 c5 4. Bb5+ Nc6 5. Ne5 Bd7 6. Nxd7 Qxd7 7. Be2 g6 8.
d3 Bg7 9. Nd2 O-O 10. O-O e5 11. fxe5 Nxe5 12. Nf3 Rae8 13. Qe1 Neg4 14. Ng5
Nxe3 15. Rxf6 Bxf6 16. Qh4 Bxg5 0-1

[Event "Chicago Open 2007"]
[Site "Oak Brook, IL"]
[Date "2007.05.26"]
[Round "2"]
[White "Gurevich, Dmitry"]
[Black "van de Mortel, Jan"]
[Result "1/2-1/2"]
[WhiteElo "2591"]
[BlackElo "2465"]
[PlyCount "33"]
[EventDate "2007.05.??"]
[SourceDate "2007.05.26"]

1. d4 Nf6 2. c4 g6 3. Nc3 d5 4. Nf3 Bg7 5. cxd5 Nxd5 6. Bd2 O-O 7. Rc1 Bf5 8.
Qb3 Nb6 9. Bf4 Be6 10. Qa3 Nc4 11. Qa4 c5 12. e3 Nb6 13. Qd1 cxd4 14. Nxd4 Bd5
15. Bc7 Qd7 16. Bb5 Nc6 17. Bxb6 1/2-1/2

[Event "Chicago Open 2007"]
[Site "Oak Brook, IL"]
[Date "2007.05.26"]
[Round "2"]
[White "Hamilton, Alex"]
[Black "Davis, Loal"]
[Result "0-1"]
[WhiteElo "1675"]
[BlackElo "2221"]
[PlyCount "58"]
[EventDate "2007.05.??"]
[SourceDate "2007.05.26"]

1. d4 c5 2. d5 Nf6 3. c4 b5 4. a4 bxc4 5. Nc3 d6 6. e4 g6 7. Bxc4 Bg7 8. f4 O-O
9. Nf3 Ba6 10. Qe2 Qa5 11. Bxa6 Nxa6 12. O-O Nb4 13. Rd1 Rfd8 14. Qb5 Qc7 15.
Qc4 Rab8 16. e5 Nd7 17. e6 fxe6 18. Ng5 Nf8 19. dxe6 d5 20. Nxd5 Nxd5 21. Rxd5
Rb4 22. Qa2 c4 23. Rxd8 Qxd8 24. Be3 Bd4 25. Qa3 Rb3 26. Qa2 Bxe3+ 27. Kh1 Bxf4
28. Nf7 Qd2 29. Rf1 Rxb2 0-1

[Event "Chicago Open 2007"]
[Site "Oak Brook, IL"]
[Date "2007.05.26"]
[Round "2"]
[White "Homa, Seth"]
[Black "Pabon, Tony"]
[Result "1-0"]
[WhiteElo "2223"]
[BlackElo "1800"]
[PlyCount "37"]
[EventDate "2007.05.??"]
[SourceDate "2007.05.26"]

1. e4 c5 2. Nc3 d6 3. f4 Nc6 4. Nf3 Nf6 5. Bb5 a6 6. Bxc6+ bxc6 7. d3 g6 8. O-O
Bg7 9. Qe1 O-O 10. Kh1 Nh5 11. Bd2 Bh6 12. f5 Bxd2 13. Qxd2 e5 14. Ne2 gxf5 15.
Qh6 Nf6 16. Ng5 f4 17. Nxf4 Bf5 18. Nh5 Nxh5 19. Rxf5 1-0

[Event "Chicago Open 2007"]
[Site "Oak Brook, IL"]
[Date "2007.05.26"]
[Round "2"]
[White "Milov, Vadim"]
[Black "Simutowe, Amon"]
[Result "1-0"]
[WhiteElo "2731"]
[BlackElo "2461"]
[PlyCount "65"]
[EventDate "2007.05.??"]
[SourceDate "2007.05.26"]

1. d4 Nf6 2. c4 e6 3. Nc3 Bb4 4. e3 c5 5. Bd3 d5 6. cxd5 Nxd5 7. Nge2 cxd4 8.
exd4 O-O 9. O-O Nc6 10. Nxd5 exd5 11. Nf4 g6 12. a3 Be7 13. Be3 Bf6 14. Rc1 Qd6
15. Bb1 b6 16. Re1 Ba6 17. Qg4 Bg7 18. Nxd5 Qxd5 19. Be4 Qb3 20. Bxc6 Rad8 21.
h4 Bc8 22. Qd1 Qxb2 23. d5 Qxa3 24. Bg5 f6 25. Bf4 Rf7 26. d6 Bf8 27. Bd5 Bxd6
28. Bxf7+ Kxf7 29. Qd5+ Kg7 30. Bxd6 Rxd6 31. Rc7+ Kh6 32. Qf7 Bd7 33. Qf8+ 1-0

[Event "Chicago Open 2007"]
[Site "Oak Brook, IL"]
[Date "2007.05.26"]
[Round "2"]
[White "Shabalov, Alexander"]
[Black "Pasalic, Mehmed"]
[Result "1-0"]
[WhiteElo "2660"]
[BlackElo "2427"]
[PlyCount "75"]
[EventDate "2007.05.??"]
[SourceDate "2007.05.26"]

1. e4 e5 2. Nf3 Nc6 3. Bb5 a6 4. Ba4 Nf6 5. O-O b5 6. Bb3 Bc5 7. a4 Bb7 8. c3
d6 9. d4 Bb6 10. Qd3 O-O 11. Re1 h6 12. axb5 axb5 13. Rxa8 Bxa8 14. Na3 Re8 15.
d5 Ne7 16. h3 Nexd5 17. Bxd5 Bxd5 18. exd5 e4 19. Qxb5 exf3 20. Rxe8+ Nxe8 21.
Nc4 Ba7 22. gxf3 Qe7 23. Be3 Bxe3 24. Nxe3 Nf6 25. Qc4 h5 26. b4 g6 27. Kf1 Qd7
28. Ke2 Kf8 29. Qc6 Qxc6 30. dxc6 Ke7 31. c4 Kd8 32. Kd3 h4 33. f4 Nh5 34. Ng2
Ke7 35. b5 f6 36. Ke4 g5 37. fxg5 fxg5 38. Kf5 1-0

[Event "Chicago Open 2007"]
[Site "Oak Brook, IL"]
[Date "2007.05.26"]
[Round "2"]
[White "Stanley, Kay"]
[Black "Aveskulov, Valeriy"]
[Result "0-1"]
[WhiteElo "1117"]
[BlackElo "2628"]
[PlyCount "46"]
[EventDate "2007.05.??"]
[SourceDate "2007.05.26"]

1. d4 Nf6 2. e3 g6 3. f4 Bg7 4. Nf3 d6 5. Be2 O-O 6. O-O b6 7. Rf2 Bb7 8. Nc3
Nbd7 9. b3 c5 10. h3 Rc8 11. d5 Nxd5 12. Bb2 Nxc3 13. Bxc3 Bxc3 14. Rb1 d5 15.
Qd3 Bg7 16. c4 dxc4 17. Qxc4 Nf6 18. Bd3 Nd5 19. Re1 Nb4 20. Be4 b5 21. Bxb7
bxc4 22. Bxc8 Qxc8 23. bxc4 Nd3 0-1

[Event "Chicago Open 2007"]
[Site "Oak Brook, IL"]
[Date "2007.05.26"]
[Round "3"]
[White "Almeida, Alfonso"]
[Black "Gagunashvili, Merab"]
[Result "1-0"]
[WhiteElo "2481"]
[BlackElo "2645"]
[PlyCount "69"]
[EventDate "2007.05.??"]
[SourceDate "2007.05.26"]

1. d4 d6 2. Nf3 Bg4 3. e4 Nd7 4. h3 Bh5 5. Be3 Ngf6 6. Nbd2 e6 7. Bd3 Be7 8. g4
Bg6 9. g5 Ng8 10. Rg1 d5 11. Nh4 dxe4 12. Nxe4 Bd6 13. Qf3 Ne7 14. O-O-O Bxe4
15. Qxe4 c6 16. f4 g6 17. Kb1 a5 18. c4 a4 19. Bd2 O-O 20. Rdf1 b5 21. cxb5
cxb5 22. f5 exf5 23. Rxf5 Nxf5 24. Nxf5 Qb6 25. Qd5 Ne5 26. Nh6+ Kg7 27. Bf4
Nc4 28. Nf5+ gxf5 29. Qxf5 Rfd8 30. Qxh7+ Kf8 31. g6 Ra7 32. g7+ Ke7 33. Bg5+
Kd7 34. Qf5+ Kc6 35. Be4+ 1-0

[Event "Chicago Open 2007"]
[Site "Oak Brook, IL"]
[Date "2007.05.27"]
[Round "4"]
[White "Anka, Emil"]
[Black "Aveskulov, Valeriy"]
[Result "0-1"]
[WhiteElo "2526"]
[BlackElo "2628"]
[PlyCount "98"]
[EventDate "2007.05.??"]
[SourceDate "2007.05.26"]

1. e4 c5 2. Nf3 d6 3. d4 Nf6 4. Nc3 cxd4 5. Nxd4 a6 6. Be3 e5 7. Nb3 Be6 8. Qd2
Nbd7 9. f3 h5 10. O-O-O Rc8 11. Kb1 Be7 12. Nd5 Nxd5 13. exd5 Bf5 14. Bd3 Bxd3
15. Qxd3 Bg5 16. Bf2 O-O 17. h4 Bf4 18. g3 Bh6 19. g4 Bf4 20. Be3 Bxe3 21. Qxe3
Rc4 22. Nd2 Rf4 23. gxh5 Nf6 24. Ne4 Nxe4 25. fxe4 f5 26. exf5 R8xf5 27. h6 g6
28. a3 Kh7 29. Rdg1 Qe7 30. h5 g5 31. Rg3 Qf7 32. c4 Qc7 33. Rc1 b6 34. Qd3
Kxh6 35. c5 bxc5 36. Qxa6 Rf6 37. Rb3 Qf7 38. Qc6 g4 39. Rb7 Qxh5 40. Qd7 Qf5+
41. Qxf5 R4xf5 42. Ka2 Rf1 43. Rc2 g3 44. Rg2 R1f3 45. Rg1 Rg6 46. b4 cxb4 47.
Rxb4 Rf2+ 48. Rb2 Rxb2+ 49. Kxb2 Kh5 0-1

[Event "Chicago Open 2007"]
[Site "Oak Brook, IL"]
[Date "2007.05.27"]
[Round "4"]
[White "Gagunashvili, Merab"]
[Black "Pasalic, Mehmed"]
[Result "1-0"]
[WhiteElo "2645"]
[BlackElo "2427"]
[PlyCount "71"]
[EventDate "2007.05.??"]
[SourceDate "2007.05.26"]

1. d4 d5 2. c4 c6 3. Nf3 Nf6 4. Nc3 dxc4 5. a4 Bf5 6. Ne5 e6 7. f3 Bb4 8. Bg5
h6 9. Bh4 Nbd7 10. Nxc4 g5 11. Bf2 Qe7 12. e4 Bg6 13. a5 O-O 14. h4 Nh5 15.
hxg5 hxg5 16. Be2 b5 17. axb6 axb6 18. Rxa8 Rxa8 19. O-O b5 20. Ne3 Nf4 21. Re1
f6 22. Bf1 Rd8 23. g3 Nh5 24. Qb3 Kg7 25. Bh3 Bf7 26. Kg2 Rh8 27. d5 Bxc3 28.
Qxc3 c5 29. dxe6 Bxe6 30. Bxe6 Qxe6 31. Nf5+ Kg6 32. Rd1 Rh7 33. Rd6 Qa2 34.
Qd3 Qa1 35. Nh4+ Kh6 36. Rxd7 1-0

[Event "Chicago Open 2007"]
[Site "Oak Brook, IL"]
[Date "2007.05.27"]
[Round "4"]
[White "Izoria, Zviad"]
[Black "Young, Angelo"]
[Result "1-0"]
[WhiteElo "2711"]
[BlackElo "2483"]
[PlyCount "64"]
[EventDate "2007.05.??"]
[SourceDate "2007.05.26"]

1. Nf3 c5 2. c4 g6 3. d4 cxd4 4. Nxd4 Bg7 5. e4 Nc6 6. Be3 Nf6 7. Nc3 O-O 8.
Be2 b6 9. O-O Bb7 10. Ndb5 d6 11. f3 a6 12. Na3 Nd7 13. Qd2 Rc8 14. Rac1 Nc5
15. Nc2 f5 16. exf5 gxf5 17. b4 f4 18. Bf2 Nd7 19. a3 Be5 20. Ne1 Qe8 21. Nd5
Qd8 22. Nd3 Nd4 23. Nxe5 Nb3 24. Qd1 Nxc1 25. Nxd7 Qxd7 26. Nxb6 Qe6 27. Qxc1
Qxe2 28. Re1 Qd3 29. Nxc8 Rxc8 30. Qxf4 e5 31. Qg4+ Kh8 32. Qd7 Rb8 1-0

[Event "Chicago Open 2007"]
[Site "Oak Brook, IL"]
[Date "2007.05.27"]
[Round "4"]
[White "Kleiman, Jake"]
[Black "Ramirez, Alejandro"]
[Result "1/2-1/2"]
[WhiteElo "2344"]
[BlackElo "2597"]
[PlyCount "118"]
[EventDate "2007.05.??"]
[SourceDate "2007.05.26"]

1. e4 Nf6 2. e5 Nd5 3. d4 d6 4. Nf3 dxe5 5. Nxe5 c6 6. Bd3 Nd7 7. O-O Nxe5 8.
dxe5 Nb4 9. Be4 Qxd1 10. Rxd1 g6 11. a3 Na6 12. b4 Bg7 13. Bb2 Nc7 14. Nd2 Bg4
15. Nf3 Rd8 16. Rxd8+ Kxd8 17. Ng5 Ke8 18. a4 h6 19. Nf3 Be6 20. b5 Bd5 21.
Bxd5 cxd5 22. Bd4 a6 23. bxa6 bxa6 24. Rb1 Kd7 25. Rb6 Rc8 26. c3 Ne6 27. Kf1
Rc6 28. Rb7+ Kd8 29. Ra7 Nc7 30. Rb7 Kc8 31. Rb6 Rxb6 32. Bxb6 Kb7 33. Bc5 e6
34. Ke2 Na8 35. a5 Kc6 36. Bb4 f6 37. Nd4+ Kd7 38. exf6 Bxf6 39. Kd3 e5 40. Nc2
Nc7 41. c4 Kc6 42. cxd5+ Nxd5 43. Kc4 Bd8 44. Bd2 h5 45. f3 Bc7 46. Ne1 Nf6 47.
Nd3 e4 48. Nc5 exf3 49. gxf3 Bxh2 50. Nxa6 Nd5 51. Nc5 h4 52. Ne4 Bg1 53. Kd3
h3 54. Ke2 Ne7 55. Kf1 h2 56. Kg2 Nf5 57. Bf4 Nh4+ 58. Kh1 Nxf3 59. Ng5 Nxg5
1/2-1/2

[Event "Chicago Open 2007"]
[Site "Oak Brook, IL"]
[Date "2007.05.27"]
[Round "4"]
[White "Milov, Vadim"]
[Black "Friedel, Joshua"]
[Result "1-0"]
[WhiteElo "2731"]
[BlackElo "2546"]
[PlyCount "53"]
[EventDate "2007.05.??"]
[SourceDate "2007.05.26"]

1. d4 Nf6 2. c4 e6 3. Nc3 Bb4 4. e3 b6 5. Nge2 Ne4 6. Qc2 Bb7 7. f3 Nxc3 8.
bxc3 Be7 9. e4 O-O 10. Ng3 Nc6 11. Be2 e5 12. Be3 Bg5 13. Qd2 h6 14. O-O d6 15.
f4 exf4 16. Bxf4 g6 17. Bd3 Qe7 18. Rf3 Rae8 19. h4 Bxf4 20. Qxf4 Kg7 21. Nh5+
Kh7 22. Nf6+ Kg7 23. Raf1 Nd8 24. h5 Bc8 25. Nxe8+ Rxe8 26. hxg6 fxg6 27. e5
1-0

[Event "Chicago Open 2007"]
[Site "Oak Brook, IL"]
[Date "2007.05.27"]
[Round "5"]
[White "Shulman, Yury"]
[Black "Milov, Vadim"]
[Result "1/2-1/2"]
[WhiteElo "2662"]
[BlackElo "2731"]
[PlyCount "73"]
[EventDate "2007.05.??"]
[SourceDate "2007.05.26"]

1. d4 Nf6 2. c4 e6 3. Nc3 Bb4 4. e3 O-O 5. Nge2 Re8 6. a3 Bf8 7. e4 d5 8. e5
Nfd7 9. cxd5 exd5 10. Be3 c5 11. f4 Nc6 12. dxc5 Nxc5 13. Nxd5 Bg4 14. h3 Be6
15. Rc1 Ne4 16. Ndc3 Bc5 17. Bxc5 Nxc5 18. Qxd8 Raxd8 19. Ng3 f6 20. Nb5 Nd3+
21. Bxd3 Rxd3 22. Rc3 Rxc3 23. Nxc3 fxe5 24. f5 Bc4 25. Nge4 Rd8 26. Kf2 Rd4
27. g4 b5 28. Rd1 b4 29. axb4 Nxb4 30. Nc5 Kf7 31. b3 Rxd1 32. Nxd1 Bb5 33. Nc3
Bc6 34. N3e4 Ke7 35. h4 h6 36. g5 hxg5 37. hxg5 1/2-1/2

[Event "Chicago Open 2007"]
[Site "Oak Brook, IL"]
[Date "2007.05.27"]
[Round "5"]
[White "Friedel, Joshua"]
[Black "Kleiman, Jake"]
[Result "1-0"]
[WhiteElo "2546"]
[BlackElo "2344"]
[PlyCount "81"]
[EventDate "2007.05.??"]
[SourceDate "2007.05.26"]

1. e4 d5 2. exd5 Qxd5 3. Nc3 Qa5 4. d4 Nf6 5. Nf3 c6 6. Bc4 Bf5 7. Bd2 Qc7 8.
Ne5 e6 9. g4 Be4 10. O-O Bd5 11. Nxd5 Nxd5 12. f4 Nd7 13. Qf3 Bd6 14. Bb3 Bxe5
15. fxe5 O-O 16. c3 c5 17. Bxd5 exd5 18. Qxd5 cxd4 19. cxd4 Nb6 20. Qe4 Qd7 21.
Bc3 Nd5 22. Rae1 Rac8 23. Rf3 Rc6 24. Qf5 Qe6 25. Ref1 b5 26. a3 a6 27. h3 Qc8
28. Qxc8 Rcxc8 29. Bb4 Nxb4 30. axb4 Rcd8 31. Rf4 g5 32. Re4 Rd5 33. Kf2 Rc8
34. Ke3 Rc4 35. Rf6 Rxb4 36. Rd6 Rb3+ 37. Kd2 Rxb2+ 38. Kc3 Rxd6 39. exd6 Rh2
40. d7 Rxh3+ 41. Kb4 1-0

[Event "Chicago Open 2007"]
[Site "Oak Brook, IL"]
[Date "2007.05.27"]
[Round "5"]
[White "Sharavdorj, Dashze"]
[Black "Gagunashvili, Merab"]
[Result "0-1"]
[WhiteElo "2522"]
[BlackElo "2645"]
[PlyCount "88"]
[EventDate "2007.05.??"]
[SourceDate "2007.05.26"]

1. Nf3 d5 2. d4 Nf6 3. c4 c6 4. Nc3 dxc4 5. a4 Bf5 6. Ne5 e6 7. f3 c5 8. e4
cxd4 9. exf5 Bb4 10. Bxc4 dxc3 11. Qxd8+ Kxd8 12. Ke2 cxb2 13. Bxb2 Ke7 14.
fxe6 fxe6 15. Rab1 a5 16. Bc3 Na6 17. Bxa6 Rxa6 18. Bxb4+ axb4 19. Rxb4 b6 20.
Rc1 Nd5 21. Rg4 Rha8 22. Nc6+ Kf7 23. Nb4 Rxa4 24. Nxd5 Rxg4 25. Rc7+ Kf8 26.
fxg4 exd5 27. Rb7 Ra4 28. Rxb6 Rxg4 29. Kf3 Rg5 30. Rb7 Rf5+ 31. Ke3 Re5+ 32.
Kd3 Re1 33. Rd7 Rh1 34. Rxd5 Rxh2 35. Rf5+ Ke7 36. Rf2 Rh6 37. Rf4 Re6 38. Rh4
h6 39. Re4 Rxe4 40. Kxe4 Kf6 41. Kf4 h5 42. Kf3 Kf5 43. Kg3 Kg5 44. Kh3 h4 0-1

[Event "Chicago Open 2007"]
[Site "Oak Brook, IL"]
[Date "2007.05.27"]
[Round "5"]
[White "Pruess, David"]
[Black "Erenburg, Sergey"]
[Result "0-1"]
[WhiteElo "2461"]
[BlackElo "2610"]
[PlyCount "50"]
[EventDate "2007.05.??"]
[SourceDate "2007.05.26"]

1. e4 c6 2. d4 d5 3. exd5 cxd5 4. c4 Nf6 5. Nc3 e6 6. Nf3 Bb4 7. cxd5 Nxd5 8.
Bd2 Nc6 9. Bd3 O-O 10. O-O Nf6 11. Qe2 Nxd4 12. Nxd4 Qxd4 13. Nb5 Qxb2 14. Rfd1
Bxd2 15. Rab1 Qxa2 16. Rxd2 Qa5 17. g4 Nd5 18. h4 Bd7 19. h5 Nf4 20. Bxh7+ Kh8
21. Qe3 Bxb5 22. Bc2 e5 23. h6 Bc6 24. Rbd1 Rae8 25. Qg3 Re6 0-1

[Event "Chicago Open 2007"]
[Site "Oak Brook, IL"]
[Date "2007.05.28"]
[Round "6"]
[White "Erenburg, Sergey"]
[Black "Friedel, Joshua"]
[Result "1-0"]
[WhiteElo "2610"]
[BlackElo "2546"]
[PlyCount "51"]
[EventDate "2007.05.??"]
[SourceDate "2007.05.26"]

1. e4 e5 2. Nf3 Nc6 3. Bc4 Nf6 4. d3 Be7 5. O-O O-O 6. Re1 d6 7. a4 Kh8 8. c3
Ng8 9. d4 f5 10. dxe5 fxe4 11. Rxe4 Bf5 12. Re1 dxe5 13. Qxd8 Raxd8 14. Nbd2
Nh6 15. Nxe5 Nxe5 16. Rxe5 Bh4 17. g3 Bf6 18. Re1 Ng4 19. Nf3 Bd7 20. Bd5 Bc6
21. Bxc6 bxc6 22. h3 Nh6 23. Bf4 Rd3 24. Re3 Rd7 25. Re6 Rb8 26. Bxh6 1-0

[Event "Chicago Open 2007"]
[Site "Oak Brook, IL"]
[Date "2007.05.28"]
[Round "6"]
[White "Sarkar, Justin"]
[Black "Izoria, Zviad"]
[Result "0-1"]
[WhiteElo "2442"]
[BlackElo "2711"]
[PlyCount "106"]
[EventDate "2007.05.??"]
[SourceDate "2007.05.26"]

1. d4 d5 2. c4 e6 3. Nc3 a6 4. cxd5 exd5 5. Bf4 c6 6. e3 Bd6 7. Bxd6 Qxd6 8.
Bd3 Ne7 9. Qb3 O-O 10. Nge2 Nd7 11. Qc2 g6 12. O-O Nf6 13. f3 c5 14. dxc5 Qxc5
15. Nd4 Bd7 16. Rac1 Qa7 17. Qb3 Rfe8 18. Kf2 Rad8 19. h3 Nc6 20. Nce2 Re7 21.
Qc3 Rde8 22. Bb1 Rxe3 23. Qxe3 Rxe3 24. Kxe3 Qb6 25. b3 h5 26. Rfd1 h4 27. Kf2
Nh5 28. Rd2 Nxd4 29. Nxd4 Qd6 30. Kg1 Qg3 31. Ne2 Qg5 32. f4 Nxf4 33. Nxf4 Qxf4
34. Rcd1 Be6 35. Bd3 Qe3+ 36. Kh1 Kg7 37. Be2 Bf5 38. Bf3 Be4 39. Re2 Qf4 40.
Bxe4 dxe4 41. Rde1 f5 42. Rd1 Kh6 43. Kg1 Qe5 44. Rc2 f4 45. Re2 e3 46. Kh1 Qe4
47. Rde1 Qd3 48. Kg1 g5 49. Kf1 g4 50. hxg4 h3 51. Kg1 hxg2 52. Kxg2 Qe4+ 53.
Kh2 Kg5 0-1

[Event "Chicago Open 2007"]
[Site "Oak Brook, IL"]
[Date "2007.05.28"]
[Round "6"]
[White "Bercys, Salvijus"]
[Black "Simutowe, Amon"]
[Result "1-0"]
[WhiteElo "2505"]
[BlackElo "2461"]
[PlyCount "121"]
[EventDate "2007.05.??"]
[SourceDate "2007.05.26"]

1. d4 Nf6 2. Nf3 g6 3. c4 Bg7 4. Nc3 O-O 5. e4 d6 6. Be2 Bg4 7. h3 Bxf3 8. Bxf3
Nfd7 9. Be3 e5 10. d5 f5 11. b4 Nf6 12. Rc1 Nbd7 13. h4 b6 14. h5 f4 15. Bd2
gxh5 16. Bxh5 Nxh5 17. Qxh5 Nf6 18. Qh3 Qe8 19. Ke2 Qg6 20. Qf3 a5 21. b5 h6
22. Rcg1 Nh7 23. Qh5 Qf6 24. f3 Rf7 25. Nd1 Qg5 26. Qh3 Qg6 27. Nf2 Ng5 28. Qg4
Rf6 29. Rh5 Nf7 30. Qh4 Qh7 31. Ng4 Rg6 32. Rh1 Kf8 33. g3 fxg3 34. Qxg3 Re8
35. R1h4 Ke7 36. Qh3 Rh8 37. Rf5 Ke8 38. Rhh5 Ke7 39. Qh4+ Ke8 40. Be3 Rg8 41.
Kd3 Rh8 42. Kc3 Qg8 43. Kd3 Qf8 44. Qh2 Kd8 45. Qf2 Ke7 46. Ke2 Qg8 47. Qh2 Kd8
48. Qg1 Ke7 49. Bf2 Qc8 50. Qh2 Ke8 51. Bh4 Rg8 52. Qh3 Qd7 53. Kf2 Bh8 54.
Rxf7 Qxf7 55. Nxe5 Rg2+ 56. Ke3 Qf4+ 57. Kxf4 Bxe5+ 58. Ke3 R8g7 59. Qc8+ Kf7
60. Qe6+ Kf8 61. Rf5+ 1-0